Major League Ballparks - Statistics

General Stats
  • This quiz has been taken 32 times
    21 since last reset
  • The average score is 41 of 88
Answer Stats
Team Years Answer % Correct
Dodgers 1962- Dodger Stadium
100%
Angels 1962-1965 Dodger Stadium
100%
Cubs 1916- Wrigley Field
100%
Astros 2000- Minute Maid Park
94%
Highlanders/Yankees 1923-1973; 1976-2008 Yankee Stadium
94%
Mets 2009- Citi Field
89%
Braves 1914-1915 Fenway Park
89%
Red Sox 1912- Fenway Park
89%
Devil Rays/Rays 1998- Tropicana Field
89%
Diamondbacks 1998- Chase Field
83%
Expos/Nationals 2008- Nationals Park
83%
Padres 2004- Petco Park
83%
Mets 1964-2008 Shea Stadium
83%
Highlanders/Yankees 1974-1975 Shea Stadium
83%
Angels 1966- Angel Stadium
78%
Astros 1965-1999 Astrodome
78%
Cardinals 1966-2005 Busch Memorial Stadium
78%
Royals 1973- Kauffman Stadium
78%
Browns/Orioles 1992- Oriole Park at Camden Yards
78%
Pirates 2001- PNC Park
78%
Mariners 1999- T-Mobile Park
78%
Rockies 1995- Coors Field
72%
Reds 2003- Great American Ballpark
72%
Giants 2000- Oracle Park
72%
Indians 1994- Progressive Field
72%
Blue Jays 1989- Rogers Centre
72%
Braves 2017- Truist Park
72%
Phillies 2003- Citizens Bank Park
67%
Tigers 2000- Comerica Park
67%
White Sox 1910-1990 Comiskey Park
67%
Senators/Rangers 1994- Globe Life Park
67%
White Sox 1991- Guaranteed Rate Field
67%
Athletics 1968- Oakland-Alameda County Coliseum
67%
Braves 1997-2016 Turner Field
67%
Giants 1960-1999 Candlestick Park
61%
Senators/Twins 1982-2009 Humprey Metrodome
61%
Senators/Twins 2010- Target Field
61%
Marlins 2012- Marlins Park
56%
Rockies 1993-1994 Mile High Stadium
56%
Mets 1962-1963 Polo Grounds
56%
Giants 1911-1957 Polo Grounds
56%
Highlanders/Yankees 1913-1922 Polo Grounds
56%
Mariners 1997-1999 Kingdome
50%
Pilots/Brewers 2001- Miller Park
50%
Expos/Nationals 1977-2004 Olympic Stadium
50%
Dodgers 1958-1961 Los Angeles Memorial Coliseum
44%
Pirates 1970-2000 Three Rivers Stadium
44%
Braves 1915-1952 Braves Field
39%
Tigers 1912-1999 Briggs Stadium
39%
Padres 1969-2003 Jack Murphy Stadium
39%
Reds 1970-2002 Riverfront Stadium
39%
Dodgers 1913-1957 Ebbets Field
33%
Braves 1966-1996 Fulton County Stadium
33%
Braves 1953-1965 Milwaukee County Stadium
33%
Pilots/Brewers 1970-2000 Milwaukee County Stadium
33%
Expos/Nationals 2005-2007 RFK Memorial Stadium
33%
Senators/Rangers 1962-1971 RFK Stadium
33%
Reds 1912-1970 Crosley Field
28%
Phillies 1971-2003 Veterans Stadium
28%
Indians 1932-1933; 1937-1993 Cleveland Stadium
22%
Cardinals 2006- Busch Stadium
17%
Astros 1962-1964 Colt Stadium
17%
Pirates 1909-1970 Forbes Field
17%
Marlins 1993-2011 Hard Rock Stadium
17%
Browns/Orioles 1954-1991 Memorial Stadium
17%
Athletics 1955-1967 Municipal Stadium
17%
Phillies 1938-1970 Shibe Park
17%
Athletics 1909-1954 Shibe Park
17%
Senators/Rangers 1972-1993 Arlington Stadium
11%
Blue Jays 1977-1989 Exhibition Stadium
11%
Expos/Nationals 1969-1976 Jarry Park Stadium
11%
Senators/Twins 1961-1981 Metropolitan Stadium
11%
Cardinals 1920-1966 Sportsman's Park
11%
Browns/Orioles 1902-1953 Sportsman's Park
11%
Highlanders/Yankees 2009- Yankee Stadium (II)
11%
Senators/Twins 1911-1960 Griffith Stadium
6%
Senators/Rangers 1961 Griffith Stadium
6%
Giants 1958-1959 Seals Stadium
6%
Pilots/Brewers 1969 Sick's Stadium
6%
Braves 1894-1914 South End Grounds
6%
Dodgers 1898-1912 Washington Park
6%
Cubs 1893-1915 West Side Park
6%
Phillies 1887-1938 Baker Bowl
0%
Highlanders/Yankees 1903-1912 Hilltop Park
0%
Indians 1901-1932; 1934-1946 League Park
0%
Royals 1969-1872 Municipal Stadium (II)
0%
Cardinals 1893-1920 Robison Field
0%
Angels 1961 Wrigley Field (II)
0%
No matching quizzes found
Score Distribution
Percent of People with Each Score
Percentile by Number Answered
Your Score History
You have not taken this quiz since the last reset